Textbook Of Optics (Record no. 320525)

MARC details
000 -LEADER
fixed length control field 00429nam a2200157Ia 4500
008 - FIXED-LENGTH DATA ELEMENTS--GENERAL INFORMATION
fixed length control field 230718s9999 xx 000 0 und d
041 ## - LANGUAGE CODE
Language code of text/sound track or separate title eng
082 ## - DEWEY DECIMAL CLASSIFICATION NUMBER
Classification number 535
Item number SUB
100 ## - MAIN ENTRY--PERSONAL NAME
Personal name Subrahmanyam N.
9 (RLIN) 158730
245 ## - TITLE STATEMENT
Title Textbook Of Optics
260 ## - PUBLICATION, DISTRIBUTION, ETC. (IMPRINT)
Date of publication, distribution, etc. 2009
Name of publisher, distributor, etc. S. Chand & Company
300 ## - PHYSICAL DESCRIPTION
Extent 699
365 ## - TRADE PRICE
Currency code Rs.
Price amount 325.00
700 ## - ADDED ENTRY--PERSONAL NAME
Personal name Subrahmanyam N.; Lal B. & Avadhanulu M.N.
906 ## - LOCAL DATA ELEMENT F, LDF (RLIN)
d B:108090090714-Dec-2008
c SS
b 146.25
Holdings
Withdrawn status Lost status Damaged status Not for loan Home library Current library Date acquired Vendor Budget Code Cost, normal purchase price Bill number Total Checkouts Full call number Barcode Date last seen Date last checked out Discount Cost, replacement price Bill Date Koha item type Original Barcode
        Cummins College of Engineering for Women Pune Cummins College of Engineering for Women Pune 26/02/2009 Varma Book Distributors SS 276.25 1080900907 3 535 CCEP-BK-31732 16/12/2024 02/12/2024 146.25 325.00 14/12/2008 Books 031732